[Event "Southwest Class-ch 7th"]
[Site "Dallas"]
[Date "2016.02.13"]
[Round "5"]
[White "Vaidya, Atreya"]
[Black "Haskin, Zachary John"]
[Result "1/2-1/2"]
[WhiteElo "1848"]
[BlackElo "2004"]
[PlyCount "53"]
[EventDate "2016.02.11"]
[EventType "swiss"]
[EventRounds "9"]
[EventCountry "USA"]
[SourceTitle "EXT 2018"]
[Source "ChessBase"]
[SourceDate "2017.10.13"]
[SourceVersion "1"]
[SourceVersionDate "2017.10.13"]
[SourceQuality "1"]

1. e4 e6 2. d4 d5 3. Nd2 Nf6 4. e5 Nfd7 5. Bd3 c5 6. c3 Nc6 7. Ne2 cxd4 8. cxd4 f6 9. exf6 Nxf6 10. 0-0 Bd6 11. Nf3 Qc7 12. h3 0-0 13. Be3 Bd7 14. a3 Be8 15. Qc2 h6 16. Bg6 Bxg6 17. Qxg6 Qf7 18. Qxf7+ Rxf7 19. Nc3 Rc8 20. Nd2 Na5 21. Rac1 Nd7 22. Nb5 Bb8 23. b4 Nc6 24. Nb3 a6 25. Nc3 Bd6 26. Na4 Ndb8 27. Nbc5 1/2-1/2

[Event "Southwest Class-ch 7th"]
[Site "Dallas"]
[Date "2016.02.12"]
[Round "3"]
[White "Haskin, Zachary John"]
[Black "Furfine, Jacob"]
[Result "0-1"]
[WhiteElo "2004"]
[BlackElo "2181"]
[PlyCount "84"]
[EventDate "2016.02.11"]
[EventType "swiss"]
[EventRounds "9"]
[EventCountry "USA"]
[SourceTitle "EXT 2018"]
[Source "ChessBase"]
[SourceDate "2017.10.13"]
[SourceVersion "1"]
[SourceVersionDate "2017.10.13"]
[SourceQuality "1"]

1. e4 c5 2. Nf3 e6 3. d4 cxd4 4. Nxd4 Nf6 5. Nc3 d6 6. Be3 a6 7. f3 b5 8. Qd2 Bb7 9. 0-0-0 Nbd7 10. g4 Nb6 11. Qf2 Nfd7 12. h4 Rc8 13. Rg1 Rxc3 14. bxc3 Na4 15. c4 bxc4 16. Bxc4 d5 17. Bb3 Ba3+ 18. Kb1 Nc3+ 19. Ka1 Qc7 20. Bd2 Nxd1 21. Rxd1 0-0 22. exd5 Bxd5 23. Qe3 Bxb3 24. Qxb3 Bc5 25. c3 Rb8 26. Qa4 Qb7 27. Qc2 Bxd4 28. cxd4 Qxf3 29. Rb1 Rxb1+ 30. Kxb1 Qb7+ 31. Kc1 Nf6 32. g5 Nd5 33. Qc5 f6 34. Qd6 Kf7 35. h5 Qc7+ 36. Qxc7+ Nxc7 37. Kc2 Nd5 38. Kb3 f5 39. Ka4 f4 40. Ka5 f3 41. Be1 Nc3 42. a3 Nb5 0-1

[Event "Recife Arraes Memorial 7th"]
[Site "Recife"]
[Date "2014.08.31"]
[Round "6"]
[White "Martins, Vinicius Tine"]
[Black "Haskin, Zachary John"]
[Result "1-0"]
[WhiteElo "2351"]
[BlackElo "1979"]
[PlyCount "63"]
[EventDate "2014.08.29"]
[EventType "swiss"]
[EventRounds "6"]
[EventCountry "BRA"]
[SourceTitle "EXT 2015"]
[Source "ChessBase"]
[SourceDate "2014.11.20"]
[SourceVersion "1"]
[SourceVersionDate "2014.11.20"]
[SourceQuality "1"]

1. Nf3 Nf6 2. c4 g6 3. Nc3 Bg7 4. e4 d6 5. d4 0-0 6. Be2 e5 7. 0-0 Nc6 8. d5 Ne7 9. b4 Ne8 10. c5 h6 11. Nd2 f5 12. Nc4 Rf7 13. a4 Bf8 14. Ba3 fxe4 15. Nxe4 Nf6 16. cxd6 Nxe4 17. dxe7 Qxe7 18. Bd3 Nd6 19. Nxd6 cxd6 20. Bxg6 Rg7 21. Be4 Qh4 22. Qe2 Bh3 23. Kh1 Bd7 24. Bc1 Be7 25. g3 Qh3 26. Bg2 Qg4 27. Qxg4 Bxg4 28. Bxh6 Rh7 29. Be3 Kg7 30. Kg1 Rhh8 31. Rfc1 Bd8 32. h4 1-0

[Event "Joao Pessoa AXCV 2nd"]
[Site "Joao Pessoa"]
[Date "2014.07.20"]
[Round "5.1"]
[White "Haskin, Zachary John"]
[Black "Da Silva Tomaz, Luiz Antonio"]
[Result "1/2-1/2"]
[WhiteElo "1963"]
[BlackElo "1930"]
[PlyCount "31"]
[EventDate "2014.07.18"]
[EventType "swiss"]
[EventRounds "5"]
[EventCountry "BRA"]
[SourceTitle "EXT 2022"]
[Source "ChessBase"]
[SourceDate "2021.10.06"]
[SourceVersion "1"]
[SourceVersionDate "2021.10.06"]
[SourceQuality "1"]

1. e4 e5 2. Nf3 Nc6 3. Bb5 a6 4. Ba4 Nf6 5. 0-0 Be7 6. Re1 b5 7. Bb3 0-0 8. d4 d6 9. c3 Bg4 10. d5 Na5 11. Bc2 Nc4 12. Nbd2 Nxd2 13. Bxd2 h6 14. Qe2 Nh7 15. a4 Bg5 16. Bxg5 1/2-1/2

[Event "Natal Potiguar IRT op"]
[Site "Natal"]
[Date "2014.03.30"]
[Round "4"]
[White "Haskin, Zachary John"]
[Black "De Souza, Jose Roberto"]
[Result "1-0"]
[WhiteElo "1973"]
[BlackElo "1680"]
[PlyCount "39"]
[EventDate "2014.03.28"]
[EventType "swiss"]
[EventRounds "5"]
[EventCountry "BRA"]
[SourceTitle "CBM 159 Extra"]
[Source "ChessBase"]
[SourceDate "2014.04.24"]
[SourceVersion "1"]
[SourceVersionDate "2014.04.24"]
[SourceQuality "1"]

1. e4 d6 2. d4 Nf6 3. Nc3 g6 4. f3 c6 5. Be3 Bg7 6. Qd2 0-0 7. 0-0-0 Qc7 8. g4 b5 9. h4 b4 10. Nce2 a5 11. h5 Nfd7 12. Bh6 Bh8 13. hxg6 fxg6 14. Bxf8 Nxf8 15. Nf4 e5 16. dxe5 Bxe5 17. Ngh3 Qg7 18. Nd3 Qf7 19. Nxe5 Qxa2 20. Bc4+ 1-0

[Event "Natal Potiguar IRT op"]
[Site "Natal"]
[Date "2014.03.29"]
[Round "3"]
[White "Lemos, Doriedson"]
[Black "Haskin, Zachary John"]
[Result "1-0"]
[WhiteElo "2004"]
[BlackElo "1973"]
[PlyCount "49"]
[EventDate "2014.03.28"]
[EventType "swiss"]
[EventRounds "5"]
[EventCountry "BRA"]
[SourceTitle "CBM 159 Extra"]
[Source "ChessBase"]
[SourceDate "2014.04.24"]
[SourceVersion "1"]
[SourceVersionDate "2014.04.24"]
[SourceQuality "1"]

1. d4 Nf6 2. c4 g6 3. Nc3 Bg7 4. e4 d6 5. f3 0-0 6. Be3 Nbd7 7. Qd2 c5 8. Nge2 cxd4 9. Nxd4 a6 10. Be2 Ne5 11. 0-0 Qc7 12. b3 Nc6 13. Rac1 Nxd4 14. Bxd4 Nd7 15. Be3 Re8 16. Rfd1 Nc5 17. Nd5 Qc6 18. b4 Na4 19. Rc2 Be6 20. Rdc1 Rac8 21. b5 axb5 22. cxb5 Qd7 23. Rxc8 Rxc8 24. Rxc8+ Qxc8 25. Nxe7+ 1-0

[Event "Joao Pessoa op 5th"]
[Site "Joao Pessoa"]
[Date "2014.03.16"]
[Round "6"]
[White "Silva, Carolina Alves"]
[Black "Haskin, Zachary John"]
[Result "0-1"]
[WhiteElo "1736"]
[BlackElo "1973"]
[PlyCount "102"]
[EventDate "2014.03.14"]
[EventType "swiss"]
[EventRounds "6"]
[EventCountry "BRA"]
[SourceTitle "CBM 159 Extra"]
[Source "ChessBase"]
[SourceDate "2014.04.24"]
[SourceVersion "1"]
[SourceVersionDate "2014.04.24"]
[SourceQuality "1"]

1. e4 e6 2. d4 d5 3. exd5 exd5 4. Nf3 Bg4 5. c4 Nf6 6. Nc3 Be7 7. h3 Bxf3 8. Qxf3 c6 9. cxd5 Nxd5 10. Bc4 Nf6 11. Be3 0-0 12. 0-0 Nbd7 13. Bb3 Nb6 14. Rad1 Nbd5 15. Bc1 Re8 16. Rfe1 Qd7 17. Bg5 Bb4 18. Nxd5 Nxd5 19. Rxe8+ Rxe8 20. Bd2 Bxd2 21. Rxd2 Qd6 22. Re2 Rxe2 23. Qxe2 Qe7 24. Qe5 Qxe5 25. dxe5 Nf4 26. Bc4 Kf8 27. Kh2 Ng6 28. e6 f6 29. Kg3 Ke7 30. f4 f5 31. Kf3 Nf8 32. g4 fxg4+ 33. hxg4 Nxe6 34. f5 Nc7 35. g5 Nd5 36. Ke4 h6 37. gxh6 Nf6+ 38. Kf4 gxh6 39. Be6 Kd6 40. Bc8 b6 41. Bb7 Kd5 42. b4 Kd6 43. Bc8 Nd5+ 44. Kg4 Ke5 45. Kh5 Ne7 46. Bd7 Nxf5 47. Bxc6 Kd4 48. a4 Ke5 49. a5 Kf6 50. axb6 axb6 51. Be8 Ng7+ 0-1